000 00738nam a2200241 i 4500
001 bg
100 1 _aRAJSKI, Jerzy
245 1 0 _aPrawo o kontraktach w obrocie gospodarczym /
_cJerzy Rajski ; przy współpr. Wojciecha Kocota i Kamila Zaradkiewicza.
250 _aWyd. 3 zm.
260 _aWarszawa :
_bWydaw. Prawnicze "LexisNexis",
_c2002.
300 _a342 s. ;
_c24 cm.
504 _aBibliogr. przy rozdz. - Indeks.
650 9 _aUmowa
_xgospodarka
_zPolska
_ystan na 2000 r.
700 1 _aKOCOT, Wojciech
700 1 _aZARADKIEWICZ, Kamil
020 _a8373340890
040 _cBPK
041 0 _apl
080 _a347.74+347.4](438)
920 _a83-7334-089-0
942 _cKS
008 s pl f |000 0 pol
999 _c40857
_d40857
856 _uhttp://koha.tu.koszalin.pl/cgi-bin/koha/opac-detail.pl?biblionumber=40857
_yKatalog online BPK